[Event "FRA-chT2D 0506"]
[Site "France"]
[Date "2006.03.12"]
[Round "9.7"]
[White "Schang, Michel"]
[Black "Reichstein, Hans Joerg"]
[Result "0-1"]
[WhiteElo "1890"]
[BlackElo "2091"]
[PlyCount "106"]
[EventDate "2005.10.27"]
[EventType "team-tourn"]
[EventRounds "11"]
[EventCountry "FRA"]
[SourceTitle "EXT 2006"]
[Source "ChessBase"]
[SourceDate "2005.11.24"]
[SourceVersion "1"]
[SourceVersionDate "2005.11.24"]
[SourceQuality "1"]
[WhiteTeam "Metz Fischer"]
[BlackTeam "Gambsheim"]
[WhiteTeamCountry "FRA"]
[BlackTeamCountry "FRA"]

1. e4 c5 2. Nf3 e6 3. d4 cxd4 4. Nxd4 Nf6 5. Bd3 Nc6 6. Be3 d5 7. exd5 Nxd5 8. Nxc6 Nxe3 9. fxe3 bxc6 10. Qf3 Qc7 11. Nd2 Be7 12. 0-0 0-0 13. Qh5 g6 14. Qh6 Qe5 15. Qf4 Qxb2 16. Nc4 Qg7 17. Qc7 Bg5 18. Qxc6 Rb8 19. Rab1 Rxb1 20. Rxb1 Qc3 21. Kf2 Qf6+ 22. Qf3 e5 23. Nd2 Bxe3+ 24. Kxe3 Qg5+ 25. Kf2 Qxd2+ 26. Qe2 Qf4+ 27. Kg1 Be6 28. Qe4 Qxe4 29. Bxe4 f5 30. Bd3 e4 31. Ba6 Rf7 32. c4 Rc7 33. Kf2 f4 34. Rb8+ Kg7 35. Re8 Kf6 36. Rf8+ Ke5 37. Re8 Kd6 38. Rf8 g5 39. Rf6 Ke5 40. Rh6 e3+ 41. Ke1 Rc6 42. Bb5 Rc7 43. Rh5 Bxc4 44. Bxc4 Rxc4 45. Rxg5+ Ke4 46. Ra5 Kd3 47. Rd5+ Ke4 48. Rd7 Rc1+ 49. Ke2 Rc2+ 50. Kf1 Rf2+ 51. Kg1 Rd2 52. Re7+ Kd3 53. h4 Rd1+ 0-1